000 00820cam a2200253 a 4500
001 000019279
005 20250609133712.0
008 810501s1968 sp 001 h spa d
040 _aDO-SdBNP
_cDLC
_dDLC
082 _a868.6
_bG633g, 1968
100 1 _aGómez de la Serna, Ramón,
_d1888-1963
_914278
245 1 0 _aGreguerías :
_bselección 1910-1960 /
_cRamón Gómez de la Serna.
250 _a7a ed.
260 _aMadrid :
_bEspasa-Calpe,
_c1968.
300 _a146 p. ;
_c18 cm.
490 1 _aAustral. Violeta: teatro y poesía
_v143
500 _aIncluye índice de autores.
650 0 _xAforismos y apotegmas
_983268
650 4 _aLiteratura española
_9632
830 0 _aAustral
_pAustral. Violeta: teatro y poesía;
_v143
_941469
910 _aCatalogación derivada / LC
910 _aWM
049 _aBNGR
999 _c18797
_d18797